Zaha M. Hadid / (Record no. 354168)
[ view plain ]
| 000 -LEADER | |
|---|---|
| fixed length control field | 01229cam a2200409 a 4500 |
| 001 - CONTROL NUMBER | |
| control field | 425888 |
| 003 - CONTROL NUMBER IDENTIFIER | |
| control field | OSt |
| 005 - DATE AND TIME OF LATEST TRANSACTION | |
| control field | 20180116192432.0 |
| 008 - FIXED-LENGTH DATA ELEMENTS--GENERAL INFORMATION | |
| fixed length control field | 861113s1986 ja ace 000 0deng d |
| 020 ## - INTERNATIONAL STANDARD BOOK NUMBER | |
| International Standard Book Number | 4871404099 |
| 020 ## - INTERNATIONAL STANDARD BOOK NUMBER | |
| International Standard Book Number | 9784871404099 |
| 035 ## - SYSTEM CONTROL NUMBER | |
| System control number | (OCoLC)14558525 |
| 035 ## - SYSTEM CONTROL NUMBER | |
| System control number | (OCoLC)ocm14558525 |
| 035 ## - SYSTEM CONTROL NUMBER | |
| System control number | (CStRLIN)NYCG86-B122117 |
| 035 ## - SYSTEM CONTROL NUMBER | |
| System control number | (NNC)425888 |
| 040 ## - CATALOGING SOURCE | |
| Original cataloging agency | CU |
| Transcribing agency | CU |
| Modifying agency | NNC |
| 041 0# - LANGUAGE CODE | |
| Language code of text/sound track or separate title | engjap |
| 043 ## - GEOGRAPHIC AREA CODE | |
| Geographic area code | e-uk--- |
| 086 ## - GOVERNMENT DOCUMENT CLASSIFICATION NUMBER | |
| Classification number | 720.92 |
| 100 1# - MAIN ENTRY--PERSONAL NAME | |
| Personal name | Hadid, Zaha. |
| 9 (RLIN) | 8511 |
| 245 10 - TITLE STATEMENT | |
| Title | Zaha M. Hadid / |
| Statement of responsibility, etc. | introduction by Arata Isozaki ; interview by Alvin Boyarsky ; edited by Yukio Futagawa. |
| 260 ## - PUBLICATION, DISTRIBUTION, ETC. | |
| Place of publication, distribution, etc. | Tokyo : |
| Name of publisher, distributor, etc. | A.D.A. Edita, |
| Date of publication, distribution, etc. | c1986. |
| 300 ## - PHYSICAL DESCRIPTION | |
| Extent | 114 p. : |
| Other physical details | ill. (some col.), plans, port. ; |
| Dimensions | 30 x 31 cm. |
| 440 #0 - SERIES STATEMENT/ADDED ENTRY--TITLE | |
| Title | GA architect. |
| Number of part/section of a work | 05 |
| 9 (RLIN) | 8512 |
| 490 1# - SERIES STATEMENT | |
| Series statement | GA architect ; |
| Volume/sequential designation | 5 |
| 500 ## - GENERAL NOTE | |
| General note | English and Japanese. |
| 600 10 - SUBJECT ADDED ENTRY--PERSONAL NAME | |
| Personal name | Hadid, Zaha. |
| 9 (RLIN) | 8513 |
| 650 #0 - SUBJECT ADDED ENTRY--TOPICAL TERM | |
| Topical term or geographic name entry element | Architecture, Postmodern |
| Geographic subdivision | Great Britain. |
| 9 (RLIN) | 8514 |
| 650 #0 - SUBJECT ADDED ENTRY--TOPICAL TERM | |
| Topical term or geographic name entry element | Architecture, Modern |
| 9 (RLIN) | 8515 |
| 650 #0 - SUBJECT ADDED ENTRY--TOPICAL TERM | |
| Topical term or geographic name entry element | Architectural drawing |
| 9 (RLIN) | 8516 |
| 700 1# - ADDED ENTRY--PERSONAL NAME | |
| Personal name | Isozaki, Arata. |
| 9 (RLIN) | 8517 |
| 700 1# - ADDED ENTRY--PERSONAL NAME | |
| Personal name | Boyarsky, Alvin. |
| 9 (RLIN) | 8518 |
| 700 1# - ADDED ENTRY--PERSONAL NAME | |
| Personal name | Futagawa, Yukio, |
| Dates associated with a name | 1932-2013. |
| 9 (RLIN) | 8519 |
| 830 #0 - SERIES ADDED ENTRY--UNIFORM TITLE | |
| 9 (RLIN) | 8520 |
| 942 ## - ADDED ENTRY ELEMENTS (KOHA) | |
| Source of classification or shelving scheme | |
| Koha item type | Reference |
| Withdrawn status | Lost status | Source of classification or shelving scheme | Damaged status | Not for loan | Permanent Location | Current Location | Date acquired | Total Checkouts | Full call number | Barcode | Date last seen | Cost, replacement price | Price effective from | Koha item type |
|---|---|---|---|---|---|---|---|---|---|---|---|---|---|---|
| School of Art Design and Architecture (SADA) | School of Art Design and Architecture (SADA) | 04/20/2016 | REF 720.92 HAD 1986 | SADA0002576 | 01/05/2017 | 9160.32 | 01/05/2017 | Reference |
